000 01156nam a22002411a 4500
001 18889
003 OSt
005 20260204212426.0
008 181018s2018||||dr ||||||b||||||||||spa||
090 _aEDU-IN 2018 S81
100 1 _aSuárez Basora, Yacaris
_esustentante
245 1 _aLos espacios pedagógicos basados en el aprendizaje lúdico en el nivel inicial, Distrito Educativo 16-01 de Cotuí/ Yacaris Suárez Basora, Sofía Acosta Sánchez y María Ysabel García López. ; asesor Radhamés Aquiles Guzmán
260 _aCotuí, República Dominicana :
_bUTECO,
_c2018
300 _a 76 hojas :
_bIlustraciones ;
_c28cm.
502 _aTrabajo de grado (Licenciatura en Educación Inicial)--Universidad Tecnológica del Cibao Oriental, 2018
504 _aIncluye referencia bibliográfica e índice
650 4 _aLos espacios pedagógicos basados en el aprendizaje
700 1 _a Acosta Sánchez, Sofía
_esustentante
700 1 _aGarcía López, María Ysabel
_esustentante
700 1 _a Aquiles Guzmán, Radhamés
_easesor
830 _aTesis y disertaciones académicas (Universidad Tecnológica del Cibao Oriental)
942 _2LC
_cTH
999 _c18889
_d18889